| 000 | 00387cam a2200145ua 4500 | ||
|---|---|---|---|
| 041 |
_aeng _h |
||
| 082 |
_a621.815 _bUGU/ME |
||
| 100 | _aUgural, Ansel C . | ||
| 245 |
_aMechanical design an integrated approach / _cAnsel C Ugural. _hTextual Documents |
||
| 260 |
_aNew York : _bMcGraw Hill Book Company , _c2004. |
||
| 300 | _a ; . | ||
| 504 | _a | ||
| 942 | _cBK | ||
| 999 |
_c13446 _d13446 |
||